000 01506cam a22004454a 4500
001 3953
003 FISKH
005 20240527154529.0
008 030813s2003 nyua c 000 0beng
010 _a 2003017972
020 _a0448432854 (GB)
020 _a2290448431445
020 _a0448431440 (pbk.)
040 _aDLC
_cDLC
_dDLC
_beng
042 _apcc
_alcac
043 _an-us---
050 0 0 _aHV1624.K4
_bT48 2003
082 0 0 _a362.4/1/092
_aB
_222
100 1 _aThompson, Gare.
245 1 0 _aWho was Helen Keller? /
_cby Gare Thompson ; illustrated by Nancy Harrison.
260 _aNew York :
_bGrosset & Dunlap,
_c2003.
300 _a107 pages :
_billustrations ;
_c21 cm
505 _aN
520 _aA biography of the woman who, with the assistance of her devoted teacher Annie Sullivan, achieved success and fame despite being blind and deaf.
521 8 _a570
_bLexile
521 8 _aN
_bRaz-Plus
600 1 0 _aKeller, Helen,
_d1880-1968
_vJuvenile literature.
600 1 1 _aKeller, Helen,
_d1880-1968.
600 1 1 _aSullivan, Annie,
_d1866-1936.
650 0 _aDeafblind women
_zUnited States
_vBiography
_vJuvenile literature.
650 0 _aDeafblind women
_zUnited States
_xEducation
_vJuvenile literature.
650 1 _aBlind.
650 1 _aDeaf.
650 1 _aPeople with disabilities.
650 1 _aWomen
_vBiography.
700 1 _aHarrison, Nancy,
_d1963-
906 _a7
_bcbc
_corignew
_d1
_eecip
_f20
_gy-gencatlg
942 _2ddc
_cBK
_n0
999 _c3953
_d3953